Nouveau Coeur - Héléna Bailly - Statistiques

Statistiques générales
  • Ce quiz a été pris 198 fois
  • Le résultat moyen est 177 sur 247
Statistiques - réponses
Réponse % Correct
à
96%
a
96%
À
96%
te
94%
le
92%
tout
92%
moi
91%
coeur
90%
nouveau
90%
un
90%
(ça
88%
de
88%
fait
88%
au
86%
dans
86%
je
86%
tien
86%
des
84%
82%
la
82%
si
82%
cote
81%
coté
81%
dis
81%
est
81%
tu
80%
vais
80%
vent)
80%
boules
79%
froid
79%
tricoter
79%
cassé
78%
l'été
77%
réparer
77%
ventre
77%
peux
75%
j'irai
73%
noeuds
73%
s'il
72%
c'qui
71%
ta
71%
creux
70%
petites
70%
tiens
70%
du
69%
lui
69%
poser
69%
ramener
69%
tête
69%
bien)
68%
qui
68%
(pas
67%
pas
67%
on
66%
il
65%
nuit
64%
sur
63%
s'en
62%
dix
61%
perdu
61%
t'fait
61%
vie
61%
ex
60%
manque
60%
sais
60%
toujours
60%
amoureux
59%
danser
59%
penses
59%
qu'à
59%
épaule
58%
ira
58%
mon
58%
toute
58%
une
58%
bleu
57%
dit
57%
les
57%
reviennent
57%
vaut
57%
(vaut
57%
ciel
56%
aussi
55%
par
55%
comme
54%
demain
54%
fout
54%
(fout)
54%
laisser
53%
aller
51%
feuille
50%
que
50%
tous
50%
mérite
49%
parle
48%
qu'on
48%
mieux
47%
seul
46%
être
45%
coeurs
43%
l'coup
43%
l'coup)
43%
loin)
42%
malheureux
42%
nuits
42%
brisés
41%
été
41%
en
39%
t'mérite
37%
faut
33%
cajoler
32%
hivers
32%
pleurent
30%
s'envoler
29%
peine
24%
l'bas
23%
feuilles
22%
sont
22%
temps)
21%
tombées
20%
(balayée
19%
(t'as
19%
Aucun quiz correspondant
Distribution des résultats
% des personnes avec chaque résultat
Percentile par nombre de réponses
Votre historique - résultats
Vous n’avez pas pris ce quiz